Vista normal
Vista MARC
Entrada Término de materia
Número de registros utilizados en: 7
001 - NÚMERO DE CONTROL
- Campo de control: 38994
003 - IDENTIFICADOR DE NÚMERO DE CONTROL
- Campo de control: ES-MaCES
005 - FECHA Y HORA DE LA ULTIMA MODIFICACION
- Campo de control: 20180403115001.0
008 - ELEMENTOS DE DATOS DE LONGITUD FIJA
- Campo de longitud fija: 180403|| azz||babn | a|a d
040 ## - FUENTE DE LA CATALOGACIÓN
- Agencia original de catalogación: ES-MaCES
150 #4 - ENCABEZAMIENTO--MATERIA
- Término de materia o geográfico como elemento de entrada: 2007-2017
670 ## - FUENTE DE DATOS ENCONTRADOS
- Información encontrada: CD del CES

